Ricostruisci la Carriera del Calciatore - Edinson Cavani - Statistics

Statistiche generali
  • Questo quiz è stato fatto 24 volte
  • Il punteggio medio è 5 su 7
Statistiche sulle risposte
Hint Risposta % Corretto
2013-2020 Paris Saint-Germain
79%
2023- Boca Juniors
74%
2020-2022 Manchester Utd
74%
2010-2013 Napoli
74%
2022-2023 Valencia
74%
2005-2007 Danubio
68%
2007-2010 Palermo
68%
Nessun quiz corrispondente trovato
Distribuzione punteggi
Percentuale di utenti per punteggio
Percentile per numero di risposta
I tuoi punteggi nel tempo
Non hai fatto questo quiz